[Event "GRE-ch U12"]
[Site "Porto Rio"]
[Date "2016.07.02"]
[Round "7"]
[White "Xilinas, Georgios"]
[Black "Koukoulas, Sotirios Georgio"]
[Result "1/2-1/2"]
[WhiteElo "1303"]
[BlackElo "1332"]
[PlyCount "101"]
[EventDate "2016.06.28"]
[EventType "swiss"]
[EventRounds "9"]
[EventCountry "GRE"]
[SourceTitle "CBM 173 Extra"]
[Source "ChessBase"]
[SourceDate "2016.08.29"]
[SourceVersion "1"]
[SourceVersionDate "2016.08.29"]
[SourceQuality "1"]

1. e4 e5 2. Nf3 Nc6 3. Bc4 Nf6 4. Ng5 Qe7 5. Bxf7+ Kd8 6. Bb3 Ke8 7. Nc3 h6 8. Nf7 Rh7 9. Nd5 Nxd5 10. Bxd5 g5 11. Qh5 Rxf7 12. Bxf7+ Qxf7 13. Qxf7+ Kxf7 14. c3 d6 15. d3 Be6 16. g3 g4 17. Ke2 Ke8 18. f3 Kd7 19. f4 Rd8 20. f5 Bf7 21. h3 Bh5 22. hxg4 Bxg4+ 23. Ke1 h5 24. Kf2 Kc8 25. Be3 b6 26. b4 d5 27. a4 d4 28. cxd4 exd4 29. Bg5 Rd7 30. b5 Ne5 31. Rhb1 Nxd3+ 32. Kg2 Ne5 33. Rf1 d3 34. Ra2 d2 35. Rxd2 Rxd2+ 36. Bxd2 Nc4 37. Bg5 Be7 38. f6 Bf8 39. Rf2 Nd6 40. Rf4 Nf7 41. Bh4 Kb7 42. Kf1 a6 43. Ke1 axb5 44. axb5 c6 45. bxc6+ Kxc6 46. Rf2 Bh6 47. Rc2+ Kb5 48. Rc7 Ne5 49. f7 Ng6 50. Bf6 Bf8 51. Kd2 1/2-1/2

[Event "GRE-ch U12"]
[Site "Porto Rio"]
[Date "2016.06.29"]
[Round "3"]
[White "Xilinas, Georgios"]
[Black "Mallios, Ioannis"]
[Result "0-1"]
[WhiteElo "1303"]
[BlackElo "1544"]
[PlyCount "76"]
[EventDate "2016.06.28"]
[EventType "swiss"]
[EventRounds "9"]
[EventCountry "GRE"]
[SourceTitle "CBM 173 Extra"]
[Source "ChessBase"]
[SourceDate "2016.08.29"]
[SourceVersion "1"]
[SourceVersionDate "2016.08.29"]
[SourceQuality "1"]

1. e4 c5 2. c3 Nc6 3. d4 cxd4 4. cxd4 d5 5. exd5 Qxd5 6. Nf3 Bg4 7. Be2 e6 8. a3 Nge7 9. Nc3 Qd7 10. Be3 Rd8 11. Qd2 Nf5 12. Ne5 Nxe5 13. dxe5 Qxd2+ 14. Bxd2 Bxe2 15. Nxe2 Bc5 16. Nc3 Bxf2+ 17. Ke2 Bc5 18. Rac1 Nd4+ 19. Ke1 Nb3 20. Rd1 Nxd2 21. Rxd2 Rxd2 22. Kxd2 Bd4 23. Rc1 Bxe5 24. Nb5 Bf4+ 25. Kd1 Bxc1 26. Kxc1 Kd7 27. Nxa7 Ra8 28. Nb5 Rc8+ 29. Kd2 Rc5 30. Nc3 f5 31. Ke3 Rc4 32. g3 Kc6 33. h3 e5 34. Kd3 Rd4+ 35. Ke3 g5 36. b4 f4+ 37. gxf4 gxf4+ 38. Kf2 Rc4 0-1

[Event "GRE ESSPEP-ch 12th"]
[Site "Kalamata"]
[Date "2016.04.26"]
[Round "3"]
[White "Xilinas, Georgios"]
[Black "Perrakis, Polychronis"]
[Result "0-1"]
[WhiteElo "1314"]
[BlackElo "1602"]
[PlyCount "94"]
[EventDate "2016.04.25"]
[EventType "swiss"]
[EventRounds "5"]
[EventCountry "GRE"]
[SourceTitle "EXT 2024"]
[Source "ChessBase"]
[SourceDate "2023.10.10"]
[SourceVersion "1"]
[SourceVersionDate "2023.10.10"]
[SourceQuality "1"]

1. e4 e5 2. Nf3 Nc6 3. Bc4 Bc5 4. c3 Nf6 5. d4 exd4 6. cxd4 Bb4+ 7. Nc3 Nxe4 8. 0-0 Bxc3 9. bxc3 d5 10. Re1 0-0 11. Bd3 Re8 12. Qc2 Bf5 13. Bf4 Bg6 14. Ne5 Nxe5 15. Bxe5 Nd6 16. Bxg6 hxg6 17. Qb3 c6 18. Bxd6 Qxd6 19. Qxb7 Reb8 20. Qe7 Qxe7 21. Rxe7 Kf8 22. Rd7 a5 23. g3 Ra6 24. Re1 Re8 25. Rxe8+ Kxe8 26. Rb7 g5 27. Kg2 g4 28. Kf1 Kf8 29. Ke2 g5 30. f4 gxf4 31. gxf4 Kg7 32. Kf2 Kg6 33. f5+ Kxf5 34. Rxf7+ Ke4 35. Re7+ Kd3 36. Re3+ Kc2 37. Kg3 Kb2 38. a4 Kb3 39. Kxg4 Kxa4 40. h4 Kb3 41. h5 Ra7 42. Kg5 a4 43. Kg6 a3 44. h6 a2 45. h7 Rxh7 46. Kxh7 a1Q 47. Rh3 Qxc3 0-1

[Event "GRE ESSPEP-ch 12th"]
[Site "Kalamata"]
[Date "2016.04.25"]
[Round "1"]
[White "Xilinas, Georgios"]
[Black "Labrakopoulos, Alexandros"]
[Result "0-1"]
[WhiteElo "1314"]
[BlackElo "1707"]
[PlyCount "22"]
[EventDate "2016.04.25"]
[EventType "swiss"]
[EventRounds "5"]
[EventCountry "GRE"]
[SourceTitle "EXT 2024"]
[Source "ChessBase"]
[SourceDate "2023.10.10"]
[SourceVersion "1"]
[SourceVersionDate "2023.10.10"]
[SourceQuality "1"]

1. e4 Nc6 2. Nf3 d6 3. d4 Nf6 4. Bd3 Bg4 5. h3 Bxf3 6. Qxf3 Nxd4 7. Qe3 e5 8. f4 Nh5 9. 0-0 Qh4 10. Kh2 Nxf4 11. g3 Qxh3+ 0-1